Practical risk theory for actuaries (Record no. 1972)

MARC details
000 -LEADER
fixed length control field 00511 a2200181 4500
001 - CONTROL NUMBER
control field 068264
003 - CONTROL NUMBER IDENTIFIER
control field OSt
005 - DATE AND TIME OF LATEST TRANSACTION
control field 20220215163246.0
008 - FIXED-LENGTH DATA ELEMENTS--GENERAL INFORMATION
fixed length control field
082 ## - DEWEY DECIMAL CLASSIFICATION NUMBER
Classification number 368.01
Item number D33P
100 1# - MAIN ENTRY--PERSONAL NAME
Personal name Daykin, C.D.
245 1# - TITLE STATEMENT
Title Practical risk theory for actuaries
Statement of responsibility, etc by C.D. Daykin and M. Pesonen
260 ## - PUBLICATION, DISTRIBUTION, ETC. (IMPRINT)
Place of publication, distribution, etc London
Name of publisher, distributor, etc Chapman and Hall
Date of publication, distribution, etc 1994
300 ## - PHYSICAL DESCRIPTION
Extent 546p.
653 ## - INDEX TERM--UNCONTROLLED
Uncontrolled term Risk (Insurance); Stochastic processes; Insurance--Mathematics
700 ## - ADDED ENTRY--PERSONAL NAME
Personal name Pesonen, M.
942 ## - ADDED ENTRY ELEMENTS (KOHA)
Source of classification or shelving scheme Dewey Decimal Classification
Koha item type Books
Holdings
Withdrawn status Lost status Damaged status Not for loan Collection code Home library Current library Date acquired Source of acquisition Cost, normal purchase price Full call number Barcode Date last seen Price effective from Koha item type
        General Text Book Central University Of Rajasthan Central University Of Rajasthan 07/03/2012 STT 6558.00 368.01 D33P 2551 21/11/2024 02/09/2020 Books
        General Text Book Central University Of Rajasthan Central University Of Rajasthan 07/03/2012 STT 6558.00 368.01 D33P 2552 21/11/2024 02/09/2020 Books